Shingley's Mechanical Engineering Design. (Record no. 3174)

MARC details
005 - DATE AND TIME OF LATEST TRANSACTION
control field 20250621075800.0
020 ## - INTERNATIONAL STANDARD BOOK NUMBER
International Standard Book Number 978-0-07-312193-2
082 ## - DEWEY DECIMAL CLASSIFICATION NUMBER
Classification number LM 621.815 BUD
100 ## - MAIN ENTRY--PERSONAL NAME
Author name BUDYNAS, R. G.
245 ## - TITLE STATEMENT
Title Shingley's Mechanical Engineering Design.
250 ## - EDITION STATEMENT
Edition statement 8th Ed
260 ## - PUBLICATION, DISTRIBUTION, ETC.
Place of publication, distribution, etc. Boston,
Name of publisher, distributor, etc. McGraw-Hill ,
Date of publication, distribution, etc. 2008.
300 ## - PHYSICAL DESCRIPTION
Extent xxv,1059p.: ill.; figure, graph, picture, table,
Other physical details Index
Dimensions 27cm
700 ## - ADDED ENTRY--PERSONAL NAME
Other authors/Editors NISBETT, J. K.
856 ## - ELECTRONIC LOCATION AND ACCESS
Link text Access Online Book
Electronic name Mechanical Engineering Design
Path www.mhhe.com
942 ## - ADDED ENTRY ELEMENTS (KOHA)
Source of classification or shelving scheme Dewey Decimal Classification
Koha item type Books
Holdings
Date last seen Total checkouts Full call number Barcode Cost, replacement price Price effective from Koha item type Lost status Source of classification or shelving scheme Damaged status Not for loan Withdrawn status Home library Current library Shelving location Date acquired Cost, normal purchase price
06/05/2025   LM 621.815 BUD 00000010760 225000.00 06/05/2025 Books   Dewey Decimal Classification       College of Business Education Main Library College of Business Education Main Library General Collection 09/07/2011 75000.00
06/05/2025   LM 621.815 BUD 00000010761 225000.00 06/05/2025 Books   Dewey Decimal Classification       College of Business Education Main Library College of Business Education Main Library General Collection 09/07/2011 75000.00
06/05/2025   LM 621.815 BUD 00000010762 225000.00 06/05/2025 Books   Dewey Decimal Classification       College of Business Education Main Library College of Business Education Main Library General Collection 09/07/2011 75000.00
06/05/2025   LM 621.815 BUD 00000010763 225000.00 06/05/2025 Books   Dewey Decimal Classification       College of Business Education Main Library College of Business Education Main Library General Collection 09/07/2011 75000.00
06/05/2025   LM 621.815 BUD 00000010764 225000.00 06/05/2025 Books   Dewey Decimal Classification       College of Business Education Main Library College of Business Education Main Library General Collection 09/07/2011 75000.00
06/05/2025   LM 621.815 BUD 00000010765 225000.00 06/05/2025 Books   Dewey Decimal Classification       College of Business Education Main Library College of Business Education Main Library General Collection 09/07/2011 75000.00
06/05/2025   LM 621.815 BUD 00000010766 225000.00 06/05/2025 Books   Dewey Decimal Classification       College of Business Education Main Library College of Business Education Main Library General Collection 09/07/2011 75000.00